书目信息 |
| 题名: |
新农村能源技术及应用
|
|
| 作者: | 聂君 , 任晓远 , 宋宝会 主编 | |
| 分册: | ||
| 出版信息: | 北京 化学工业出版社 2010 |
|
| 页数: | 213页 | |
| 开本: | 21cm | |
| 丛书名: | ||
| 单 册: | ||
| 中图分类: | S210.7 | |
| 科图分类: | ||
| 主题词: | 农村能源--综合利用--中国 , 农村能源 , 综合利用 | |
| 电子资源: | ||
| ISBN: | 978-7-122-08718-8 | |
| 000 | 01009nam0 2200277 45 | |
| 001 | 1132068984 | |
| 005 | 20110314092100.18 | |
| 010 | @a978-7-122-08718-8@dCNY19.00 | |
| 100 | @a20110122d2010 em y0chiy50 ea | |
| 101 | 0 | @achi |
| 102 | @aCN@b110000 | |
| 105 | @aa z 000yy | |
| 106 | @ar | |
| 200 | 1 | @a新农村能源技术及应用@AXin Nong Cun Neng Yuan Ji Shu Ji Ying Yong@f聂君,任晓远,宋宝会主编@FNie Jun, Ren Xiao Yuan, Song Bao Hui Zhu Bian |
| 210 | @a北京@c化学工业出版社@d2010 | |
| 215 | @a213页@c彩图@d21cm | |
| 330 | @a本书介绍了当前新农村广泛应用的沼气、太阳能、风能、节能炉灶与炕灶、薪炭林以及地热能等各种能源的开发利用技术,包括各种能源的设备制作、工艺和生产技术、有效开发利用途径等。 | |
| 606 | 0 | @a农村能源@x综合利用@y中国 |
| 606 | 0 | @a农村能源 |
| 606 | 0 | @a综合利用 |
| 690 | @aS210.7@v4 | |
| 701 | 0 | @a聂君@ANie Jun@4主编 |
| 701 | 0 | @a任晓远@ARen Xiao Yuan@4主编 |
| 701 | 0 | @a宋宝会@ASong Bao Hui@4主编 |
| 801 | 0 | @aCN@bTANGWEI@c20110314 |
| 905 | @b0532266-70@dS210.7@e45@f5 | |
| 新农村能源技术及应用/聂君,任晓远,宋宝会主编.-北京:化学工业出版社,2010 |
| 213页:彩图;21cm |
| ISBN 978-7-122-08718-8:CNY19.00 |
| 本书介绍了当前新农村广泛应用的沼气、太阳能、风能、节能炉灶与炕灶、薪炭林以及地热能等各种能源的开发利用技术,包括各种能源的设备制作、工艺和生产技术、有效开发利用途径等。 |
| ● |
| 相关链接 |
|
|
|
|
正题名:新农村能源技术及应用
索取号:S210.7/45
 
预约/预借
| 序号 | 登录号 | 条形码 | 馆藏地/架位号 | 状态 | 备注 |
| 1 | 0532266 | 205322667 | 第二样本阅览室/ [索取号:S210.7/45] | 在馆 | |
| 2 | 0532267 | 205322676 | 第三借阅区/ [索取号:S210.7/45] | 在馆 | |
| 3 | 0532268 | 205322685 | 第三借阅区/ [索取号:S210.7/45] | 在馆 | |
| 4 | 0532269 | 205322694 | 第三借阅区/ [索取号:S210.7/45] | 在馆 | |
| 5 | 0532270 | 205322701 | 密集书库-生命科学系/ [索取号:S210.7/45] | 在馆 |